000 00436nam a2200169Ia 4500
008 230711s9999||||xx |||||||||||||| ||und||
020 _a978-81-265-2085-5
041 _aENG
082 _a615.7
_bMA-E
100 _aMathiowitz,Edith
245 0 _aEncyclopedia of Controlled Drug Delivery Volume 2
250 _a1st Ed.
260 _c2009
_aNew York
_bJohn Wiley & Sons.Inc
300 _a493-1057p.
650 _aPharmacy
942 _cBK
999 _c7215
_d7215